Egészségügyi rendszer kialakulása és válsága Magyarországon a 90-es években
Elmentve itt :
| Szerző: | |
|---|---|
| További közreműködők: | |
| Dokumentumtípus: | Szakdolgozat |
| Megjelent: |
1998
|
| Tárgyszavak: | |
| Online Access: | http://diploma.bibl.u-szeged.hu/24342 |
| LEADER | 00588nta a2200157 i 4500 | ||
|---|---|---|---|
| 001 | dipl24342 | ||
| 005 | 20130314082632.0 | ||
| 008 | 110815s1998 hu om 0|| zxx d | ||
| 040 | |a SZTE Diploma Repozitórium |b hun | ||
| 041 | |a zxx | ||
| 100 | 1 | |a Bacsa Ágnes | |
| 245 | 1 | 0 | |a Egészségügyi rendszer kialakulása és válsága Magyarországon a 90-es években |h [elektronikus dokumentum] / |c Ágnes Bacsa |
| 260 | |c 1998 | ||
| 650 | 4 | |a Jogi és igazgatási tanulmányok | |
| 700 | 1 | |a Gábor Kálmán |e ths | |
| 856 | 4 | 0 | |u http://diploma.bibl.u-szeged.hu/id/eprint/24342/1/1998_bacsa_agnes.pdf |z Dokumentum-elérés |